000 00601nam a2200217Ia 4500
005 20250108125144.0
008 008 250107s9999 xx 000 0 eng d
037 _aTB
040 _aCRL
_beng
_cCRL
041 _aurd
_2eng
084 _aQ29xK18 152P6.1-.13 (RR)
084 _qCRL
100 _aJaunpuri Abbas Haidar Muzaffer Au.
_9730490
245 0 _aJihad-e-karbala
_cJaunpuri Abbas Haidar Muzaffer Au.
260 _c3485
300 _a158p.
365 _aINR
_b2800
650 _aURDU POETRY
942 _cTB
_hQ29xK18 152P6.1-.13 (RR)
999 _c1235873
_d1235873